| 000 | 00354nam a22001337a 4500 | ||
|---|---|---|---|
| 020 | _a9789694962825 | ||
| 040 | _cNUST | ||
| 082 | _a297.64 AFZ | ||
| 100 |
_aAfzal Haider, Syed _989489 |
||
| 245 | _aZikar E Derwaish | ||
| 260 |
_aLAHORE: _bDost Publications, _c2007. |
||
| 650 |
_aIslam-Biography-Hazrat Mian Ali Muhammad Khan _989490 |
||
| 942 |
_2ddc _cBK |
||
| 999 |
_c587585 _d587585 |
||